[Event "Budapest-chT1 Lilienthal 1314"]
[Site "Budapest"]
[Date "2014.02.23"]
[Round "8"]
[White "Teglas, Balazs"]
[Black "Nikovits, Tibor"]
[Result "1-0"]
[WhiteElo "2209"]
[BlackElo "2197"]
[PlyCount "62"]
[EventDate "2013.09.29"]
[EventType "team-tourn"]
[EventRounds "11"]
[EventCountry "HUN"]
[SourceTitle "EXT 2021"]
[Source "ChessBase"]
[SourceDate "2020.10.23"]
[SourceVersion "1"]
[SourceVersionDate "2020.10.23"]
[SourceQuality "1"]
[WhiteTeam "Fabulon"]
[BlackTeam "Barcza GSC"]
[WhiteTeamCountry "HUN"]
[BlackTeamCountry "HUN"]

1. d4 Nf6 2. Nf3 g6 3. Bf4 Bg7 4. h3 0-0 5. e3 d6 6. Be2 Nbd7 7. 0-0 c5 8. c3 b6 9. a4 a6 10. Nbd2 Bb7 11. Re1 Qc7 12. Bh2 h6 13. Rc1 Rad8 14. b4 e5 15. Nc4 Ne4 16. Qb3 Bd5 17. Qb2 f5 18. Red1 Bc6 19. Ncd2 Kh8 20. dxc5 Nxd2 21. Qxd2 dxc5 22. Qd6 Qxd6 23. Rxd6 Bxa4 24. Nh4 Kh7 25. bxc5 Bf6 26. Nf3 Nxc5 27. Rxb6 e4 28. Nd4 Rd7 29. Bd6 Be7 30. Bxc5 Bxc5 31. Rxa6 Ra7 1-0

[Event "Budapest-chT1 Lilienthal 1314"]
[Site "Budapest"]
[Date "2013.11.24"]
[Round "4"]
[White "Kozak, Adam"]
[Black "Nikovits, Tibor"]
[Result "1-0"]
[WhiteElo "2163"]
[BlackElo "2197"]
[PlyCount "47"]
[EventDate "2013.09.29"]
[EventType "team-tourn"]
[EventRounds "11"]
[EventCountry "HUN"]
[SourceTitle "EXT 2021"]
[Source "ChessBase"]
[SourceDate "2020.10.23"]
[SourceVersion "1"]
[SourceVersionDate "2020.10.23"]
[SourceQuality "1"]
[WhiteTeam "Sarkany II"]
[BlackTeam "Barcza GSC"]
[WhiteTeamCountry "HUN"]
[BlackTeamCountry "HUN"]

1. d4 Nf6 2. c4 g6 3. Nc3 Bg7 4. e4 d6 5. Nf3 0-0 6. Be2 Nbd7 7. 0-0 e5 8. Be3 Ng4 9. Bg5 f6 10. Bd2 Nh6 11. Qc2 c6 12. Rad1 Qe7 13. Rfe1 f5 14. Bg5 Nf6 15. c5 Nf7 16. cxd6 Qe6 17. dxe5 Nxe5 18. Nxe5 Qxe5 19. Bxf6 Bxf6 20. d7 fxe4 21. dxc8Q Raxc8 22. Bc4+ Kh8 23. Rxe4 Qc5 24. Qe2 1-0

[Event "Budapest-chT1 Lilienthal 1213"]
[Site "Budapest"]
[Date "2012.12.09"]
[Round "5"]
[White "Nikovits, Tibor"]
[Black "Juhasz, Armin"]
[Result "0-1"]
[WhiteElo "2204"]
[BlackElo "2207"]
[PlyCount "108"]
[EventDate "2012.09.30"]
[EventType "team-tourn"]
[EventRounds "11"]
[EventCountry "HUN"]
[SourceTitle "EXT 2019"]
[Source "ChessBase"]
[SourceDate "2018.10.10"]
[SourceVersion "1"]
[SourceVersionDate "2018.10.10"]
[SourceQuality "1"]
[WhiteTeam "Barcza GSC"]
[BlackTeam "Sarkany II"]
[WhiteTeamCountry "HUN"]
[BlackTeamCountry "HUN"]

1. d4 d5 2. Nf3 Nf6 3. c4 dxc4 4. g3 c6 5. Bg2 Nbd7 6. a4 a5 7. Na3 Nb6 8. Qc2 Qd5 9. 0-0 Bf5 10. Qd1 Be4 11. Bf4 e6 12. Nb1 Bb4 13. Nbd2 Bxd2 14. Qxd2 0-0 15. Rfd1 Rfc8 16. Ne1 Bxg2 17. Nxg2 Qd8 18. Qc2 Nfd5 19. Bd2 Qe7 20. e4 Nb4 21. Bxb4 Qxb4 22. Ne3 Rd8 23. Qe2 Nxa4 24. Nxc4 Nb6 25. Nxb6 Qxb6 26. Qc4 h6 27. Rd2 Rd7 28. Rad1 Rad8 29. Qc3 Qb5 30. Ra1 b6 31. Rad1 Rd6 32. Kg2 R6d7 33. Kg1 c5 34. dxc5 Rxd2 35. Rxd2 Rxd2 36. Qxd2 Qxc5 37. Qd8+ Kh7 38. Qd7 Qc1+ 39. Kg2 Qxb2 40. Qxf7 Qe5 41. Qf3 b5 42. h4 b4 43. g4 Qf6 44. Qg3 a4 45. g5 Qg6 46. Qe5 a3 47. f4 hxg5 48. hxg5 b3 49. Kf3 b2 50. Qb5 e5 51. Qd7 Qh5+ 52. Kg2 Qe2+ 53. Kg3 Qe3+ 54. Kg2 Qxe4+ 0-1

[Event "HUN-chT2 Maroczy 0405"]
[Site "Hungary"]
[Date "2004.12.05"]
[Round "4"]
[White "Bogdan, Dan"]
[Black "Nikovits, Tibor"]
[Result "1-0"]
[WhiteElo "2469"]
[BlackElo "2220"]
[PlyCount "89"]
[EventDate "2004.09.26"]
[EventType "team"]
[EventRounds "11"]
[EventCountry "HUN"]
[SourceTitle "EXT 2008"]
[Source "ChessBase"]
[SourceDate "2007.11.25"]
[SourceVersion "1"]
[SourceVersionDate "2007.11.25"]
[SourceQuality "1"]
[WhiteTeam "Edeleny"]
[BlackTeam "BEAC II"]
[WhiteTeamCountry "HUN"]
[BlackTeamCountry "HUN"]

1. d4 Nf6 2. g3 d5 3. Bg2 e6 4. Nf3 Be7 5. 0-0 0-0 6. b3 b6 7. Bb2 Bb7 8. Nbd2 Nbd7 9. c4 c5 10. Rc1 Rc8 11. a3 Rc7 12. dxc5 Nxc5 13. Nd4 Qa8 14. b4 Nce4 15. Nb5 Rd7 16. Nxe4 dxe4 17. Qb3 a6 18. Nd4 Rc8 19. Rfd1 Rcc7 20. e3 Qc8 21. h3 Bf8 22. Bf1 Ne8 23. Nc2 Nd6 24. Be5 f6 25. Bxd6 Rxd6 26. Rxd6 Bxd6 27. Nd4 Kh8 28. Rd1 Be7 29. Qb1 f5 30. Nb3 e5 31. Rd2 f4 32. c5 b5 33. Qd1 h6 34. Na5 Qf5 35. Nxb7 Rxb7 36. Bg2 a5 37. Rd5 fxe3 38. fxe3 axb4 39. axb4 Ra7 40. Qc2 Qg5 41. Qf2 Ra3 42. h4 Qh5 43. Bxe4 Ra1+ 44. Kg2 Ra4 45. Rd8+ 1-0

[Event "HUN-chT2 Erkel 0203"]
[Site "Hungary"]
[Date "2003.04.06"]
[Round "10"]
[White "Prohaszka, Peter1111"]
[Black "Nikovits, Tibor"]
[Result "1/2-1/2"]
[WhiteElo "2138"]
[BlackElo "2210"]
[PlyCount "51"]
[EventDate "2002.09.22"]
[EventType "team"]
[EventRounds "11"]
[EventCountry "HUN"]
[SourceTitle "EXT 2009"]
[Source "ChessBase"]
[SourceDate "2008.11.26"]
[SourceVersion "1"]
[SourceVersionDate "2008.11.26"]
[SourceQuality "1"]

1. e4 c5 2. f4 Nc6 3. Nf3 g6 4. Bb5 Bg7 5. Nc3 a6 6. Bxc6 bxc6 7. d3 Rb8 8. 0-0 Nf6 9. Rb1 0-0 10. Be3 d6 11. h3 Nh5 12. g4 Nf6 13. f5 Nd7 14. Qd2 Ne5 15. Bh6 Nxf3+ 16. Rxf3 Qb6 17. Bxg7 Kxg7 18. g5 f6 19. gxf6+ Rxf6 20. Qg5 Bd7 21. Qe3 Qb4 22. Rg3 Qd4 23. Qxd4 cxd4 24. Ne2 e5 25. fxe6 Bxe6 26. Nxd4 1/2-1/2

[Event "HUN-chT2 0102"]
[Site "Hungary"]
[Date "2001.09.30"]
[Round "1"]
[White "Nikovits, Tibor"]
[Black "Kovacs, Zoltan"]
[Result "1-0"]
[WhiteElo "2205"]
[BlackElo "2061"]
[PlyCount "51"]
[EventDate "2001.??.??"]
[EventType "team"]
[EventRounds "11"]
[EventCountry "HUN"]
[SourceTitle "EXT 2004"]
[Source "ChessBase"]
[SourceDate "2003.11.25"]
[SourceVersion "1"]
[SourceVersionDate "2003.11.25"]
[SourceQuality "1"]

1. c4 c5 2. Nf3 Nc6 3. g3 e6 4. Bg2 g6 5. d4 d6 6. Nc3 Qa5 7. 0-0 Bd7 8. dxc5 dxc5 9. Nb5 0-0-0 10. Bf4 e5 11. Bd2 Qb6 12. a4 a5 13. Ng5 Nh6 14. Ra3 Nb4 15. Qc1 f5 16. Bxb4 cxb4 17. Rd3 Bc5 18. Rd5 e4 19. e3 Bxb5 20. Rxd8+ Rxd8 21. cxb5 Ng4 22. Qc4 Kb8 23. Ne6 Bxe3 24. Nxd8 Bxf2+ 25. Kh1 Ne3 26. Qg8 1-0

[Event "HUN-chT 9394"]
[Site "Hungary"]
[Date "1994.??.??"]
[Round "?"]
[White "Nikovits, Tibor"]
[Black "Tegzes, Laszlo"]
[Result "0-1"]
[WhiteElo "2230"]
[BlackElo "2420"]
[PlyCount "58"]
[EventDate "1993.??.??"]
[EventType "team"]
[EventRounds "13"]
[EventCountry "HUN"]
[SourceTitle "TD"]
[Source "ChessBase"]
[SourceDate "1994.03.01"]
[SourceVersion "1"]
[SourceVersionDate "1994.03.01"]
[SourceQuality "1"]

1. d4 Nf6 2. c4 g6 3. Nc3 Bg7 4. e4 d6 5. f3 0-0 6. Bg5 Nc6 7. Nge2 a6 8. Qd2 Rb8 9. a4 Bd7 10. h4 Na5 11. Nc1 c5 12. d5 Nh5 13. Bd3 Ng3 14. Rh2 f5 15. Bh6 e5 16. dxe6 Bxe6 17. h5 Qf6 18. Bxg7 Qxg7 19. hxg6 hxg6 20. Qf4 fxe4 21. Qxd6 Rbe8 22. Nxe4 Nxe4 23. Bxe4 Qxb2 24. Rb1 Qc3+ 25. Qd2 Qxd2+ 26. Kxd2 Rf6 27. Bxb7 Nxc4+ 28. Kc3 Rb8 29. Nd3 Na3 0-1

[Event "HUN-chT"]
[Site "Hungary"]
[Date "1993.??.??"]
[Round "?"]
[White "Nikovits, Tibor"]
[Black "Krutti, Valer"]
[Result "0-1"]
[WhiteElo "2245"]
[BlackElo "2320"]
[PlyCount "82"]
[EventDate "1993.??.??"]
[EventType "team"]
[EventRounds "13"]
[EventCountry "HUN"]
[SourceTitle "TD"]
[Source "ChessBase"]
[SourceDate "1994.03.01"]
[SourceVersion "1"]
[SourceVersionDate "1994.03.01"]
[SourceQuality "1"]

1. d4 Nf6 2. Nf3 g6 3. g3 Bg7 4. Bg2 0-0 5. 0-0 c5 6. d5 d6 7. a4 Na6 8. Re1 Ne4 9. Nbd2 Nxd2 10. Nxd2 Bd7 11. c3 Qc8 12. Nc4 Bh3 13. Bh1 Qd7 14. Bf4 h6 15. e4 Rad8 16. e5 dxe5 17. Nxe5 Qc8 18. Qb3 g5 19. Bd2 e6 20. c4 Qc7 21. Bc3 Rfe8 22. Nf3 Nb4 23. Bxg7 Kxg7 24. Qc3+ f6 25. Rad1 exd5 26. Rxe8 Rxe8 27. cxd5 Rd8 28. Ne1 Qe7 29. Nc2 Qe2 30. Ne3 Re8 31. Re1 Qd3 32. Qxc5 a5 33. d6 Re5 34. Qc7+ Kg6 35. Bg2 Bxg2 36. Kxg2 Nd5 37. Qc5 Nf4+ 38. gxf4 Rxc5 39. f5+ Kf7 40. Rd1 Qe4+ 41. f3 Qxe3 0-1

[Event "HUN-chT"]
[Site "Hungary"]
[Date "1993.??.??"]
[Round "?"]
[White "Nikovits, Tibor"]
[Black "Letay, Gyula"]
[Result "0-1"]
[WhiteElo "2245"]
[BlackElo "2285"]
[PlyCount "54"]
[EventDate "1993.??.??"]
[EventType "team"]
[EventRounds "13"]
[EventCountry "HUN"]
[SourceTitle "TD"]
[Source "ChessBase"]
[SourceDate "1994.03.01"]
[SourceVersion "1"]
[SourceVersionDate "1994.03.01"]
[SourceQuality "1"]

1. d4 d5 2. Nf3 Nf6 3. c4 e6 4. g3 Be7 5. Bg2 c6 6. Qc2 Nbd7 7. 0-0 0-0 8. Nbd2 b6 9. b3 Bb7 10. Bb2 Rc8 11. e4 Qc7 12. Rac1 Qb8 13. Rfd1 Rfd8 14. Qb1 Qa8 15. Ne5 dxe4 16. Nxe4 c5 17. Ng5 Bxg2 18. d5 Be4 19. Nxe4 exd5 20. cxd5 Nxd5 21. Qc2 Nxe5 22. Bxe5 Nb4 23. Qe2 Qc6 24. Qg4 Qg6 25. Qxg6 hxg6 26. a3 Nd3 27. Bd6 Nxc1 0-1

[Event "HUN-chT"]
[Site "Hungary"]
[Date "1993.??.??"]
[Round "?"]
[White "Nikovits, Tibor"]
[Black "Pirisi, Gabor"]
[Result "0-1"]
[WhiteElo "2245"]
[BlackElo "2375"]
[PlyCount "48"]
[EventDate "1993.??.??"]
[EventType "team"]
[EventRounds "13"]
[EventCountry "HUN"]
[SourceTitle "TD"]
[Source "ChessBase"]
[SourceDate "1994.03.01"]
[SourceVersion "1"]
[SourceVersionDate "1994.03.01"]
[SourceQuality "1"]

1. e4 c5 2. Nf3 d6 3. d4 cxd4 4. Nxd4 Nf6 5. Nc3 g6 6. Be3 Bg7 7. f3 Nc6 8. Qd2 0-0 9. 0-0-0 d5 10. Nxc6 bxc6 11. Bh6 Be6 12. exd5 Nxd5 13. Bxg7 Kxg7 14. Bc4 Qc7 15. Bxd5 cxd5 16. h4 h5 17. Nxd5 Bxd5 18. Qxd5 Rfc8 19. Rd2 Rab8 20. b3 Rd8 21. Qc4 Qe5 22. c3 Qe3 23. Rhd1 Rxd2 24. Rxd2 Rd8 0-1

[Event "HUN-chT"]
[Site "Hungary"]
[Date "1991.??.??"]
[Round "?"]
[White "Nikovits, Tibor"]
[Black "Groszpeter, Attila"]
[Result "0-1"]
[WhiteElo "2255"]
[BlackElo "2485"]
[PlyCount "64"]
[EventDate "1991.??.??"]
[EventType "team"]
[EventRounds "9"]
[EventCountry "HUN"]
[SourceTitle "TD"]
[Source "ChessBase"]
[SourceDate "1994.03.01"]
[SourceVersion "1"]
[SourceVersionDate "1994.03.01"]
[SourceQuality "1"]

1. d4 Nf6 2. Nf3 g6 3. c4 Bg7 4. Nc3 0-0 5. e4 d6 6. Be2 c5 7. d5 Na6 8. 0-0 Nc7 9. Bg5 Rb8 10. Nd2 e5 11. a3 Bd7 12. b4 b6 13. Rb1 Kh8 14. Qc2 h6 15. Bh4 Qe7 16. bxc5 dxc5 17. Rbd1 Nce8 18. Bg3 g5 19. Nb3 Nd6 20. a4 h5 21. f3 a5 22. Nc1 Rg8 23. Bf2 Bh6 24. Be3 Rg6 25. Kf2 Rbg8 26. Qb2 Nfe8 27. Rg1 g4 28. Bxh6 Rxh6 29. Ke1 Qh4+ 30. Kd2 gxf3 31. gxf3 Rxg1 32. Rxg1 Qxh2 0-1

[Event "Eger op"]
[Site "Eger"]
[Date "1988.??.??"]
[Round "?"]
[White "Brynell, Stellan"]
[Black "Nikovits, Tibor"]
[Result "1-0"]
[WhiteElo "2385"]
[BlackElo "2265"]
[PlyCount "93"]
[EventDate "1988.??.??"]
[EventType "swiss"]
[EventRounds "7"]
[EventCountry "HUN"]
[SourceTitle "EXT 2000"]
[Source "ChessBase"]
[SourceDate "1999.11.16"]
[SourceVersion "1"]
[SourceVersionDate "1999.11.16"]
[SourceQuality "1"]

1. e4 c5 2. Nf3 d6 3. c3 Nf6 4. Be2 g6 5. 0-0 Bg7 6. Re1 0-0 7. Bf1 Nc6 8. h3 e5 9. d3 d5 10. exd5 Nxd5 11. Nbd2 h6 12. Nc4 Re8 13. a4 Kh7 14. a5 Rb8 15. Qa4 Qc7 16. Ne3 Be6 17. Qh4 Qd8 18. Qxd8 Rbxd8 19. Nc4 Bc8 20. g3 f6 21. Nfd2 f5 22. Nb3 Bf8 23. Bg2 Kg7 24. Bd2 Kf6 25. f4 Re6 26. fxe5+ Nxe5 27. Nxe5 Rxe5 28. c4 Rxe1+ 29. Rxe1 Nc7 30. Bf4 Rd7 31. Kf1 g5 32. Be5+ Kg6 33. Re3 Na6 34. Bc3 Nc7 35. d4 cxd4 36. Bxd4 Bg7 37. Bxa7 Bxb2 38. Bb6 Bf6 39. Nc5 Rd1+ 40. Ke2 Rc1 41. Bxc7 Rxc4 42. Bb6 Rc2+ 43. Kf1 Bd4 44. Re8 Rc1+ 45. Ke2 Rc2+ 46. Kd3 Rxg2 47. Kxd4 1-0

[Event "HUN-ch op"]
[Site "Eger"]
[Date "1987.??.??"]
[Round "?"]
[White "Nikovits, Tibor"]
[Black "Orgovan, Sandor"]
[Result "1-0"]
[WhiteElo "2220"]
[BlackElo "2365"]
[PlyCount "79"]
[EventDate "1987.07.15"]
[EventType "swiss"]
[EventRounds "11"]
[EventCountry "HUN"]
[SourceTitle "EXT 1997"]
[Source "ChessBase"]
[SourceDate "1996.11.15"]
[SourceVersion "1"]
[SourceVersionDate "1996.11.15"]
[SourceQuality "1"]

1. d4 Nf6 2. Nf3 e6 3. Bf4 c5 4. e3 Be7 5. h3 cxd4 6. exd4 b6 7. Bd3 Bb7 8. Nbd2 d6 9. Qe2 0-0 10. 0-0 Nd5 11. Qe4 g6 12. Bh6 Nd7 13. c4 N7f6 14. Qe2 Nb4 15. Bxf8 Qxf8 16. Bb1 d5 17. a3 Nc6 18. Ba2 Rd8 19. Rac1 dxc4 20. Qxc4 Rd6 21. Rfd1 Qd8 22. Nf1 Nh5 23. b4 Nf4 24. Ne3 Nd5 25. Nxd5 exd5 26. Qc3 Ba6 27. Ne5 Bb5 28. Qf3 Bf6 29. Bxd5 Rxd5 30. Nxc6 Qd6 31. Nxa7 Ba4 32. Re1 Rf5 33. Nc8 Qxd4 34. Qe3 Qh4 35. Re2 Bd4 36. Ne7+ Kg7 37. Nxf5+ gxf5 38. Qf3 Bb5 39. Rd2 Be5 40. Qxf5 1-0